Регионална библиотека "Любен Каравелов" - Русе

Чудесата на гладуването (Запис номер 9474)

MARC детайли
000 -Лидер
Контролно поле с фиксирана дължина 01516nam a2200361 c 4500
003 - Код на организацията, давaща контролен номер
Контролно поле BLK
005 - Дата и час на последна редакция
Контролно поле 20180420214431.0
008 - Елементи от данни с фиксирана дължина
fixed length control field 180412b bul|||||r ||||||| ||bul||
010 ## - Наследен системен номер
LC control number KNG00010896000
020 ## - Международен стандартен номер на книга ISBN
Международен стандартен номер на книга ISBN 954-8284-11-1
-- издат.: Колор Принт
040 ## - Източник на каталожния запис
Идентификатор на билиотеката - собственик на записа BLK
041 ## - Код за език
Код за езика на текст/звукозапис или на отделно заглавие Български
Код за езика КДБФ Български
072 #7 - Код за тематичната категория
Код организация bullib
Код за тематична категория Л04
Текст Лечебно хранене
080 ## - УДК
Текстов определител УДК Недохранване. Прехранване - Постене, диета, хранителен режим за отслабване, режим за напълняване. Вж и 615.874
УДК код - определител по УДК 613.24/.25
УДК определител (035)
УДК - код + определител 613.24/.25(035)
100 1# - Редна дума - Автор
Автор Брег, Пол Чапис
Авторска отговорност първи автор
R(LIN) 254510
139 ## - Редно поле
Редна дума Брег, Пол Чапис
Авторски знак Бре - Б 80
245 10 - Сведения за заглавието
Заглавие Чудесата на гладуването
Подзаглавни данни Фрагменти
Редно поле (дума) Пол Чапис Брег; прев. от англ. Д. Ковачев.
257 ## - Страна на издаване
Страна на създаване/издаване Съединени американски щати
260 ## - Област на издателските данни
-- Варна
Име на издателя, разпространителя и проч. Колор Принт
Година на издаване 1993
300 ## - Физическа характеристика
Страници 109 с.
Размери/Мащаб 20 см
380 ## - Жанр
Жанр Медицина
650 #4 - Допълнително описание по предмет – тема
Основно описание – тема или топоним Хранене - хигиена - наръчници и ръководства
9 (RLIN) 243507
650 #4 - Допълнително описание по предмет – тема
Основно описание – тема или топоним Лечебно хранене - наръчници и ръководства
9 (RLIN) 243265
653 ## - Ключова дума – ненормативна
Ключова дума хранене
653 ## - Ключова дума – ненормативна
Ключова дума лечебно хранене
659 ## - Тематичен бюлетин
Тематичен бюлетин Л
700 1# - Други автори (авторска отговорност)
Лично име Ковачев, Д.
Автороска отговорност (Описва отношението между автора и произведението) прев. от англ.
9 (RLIN) 254511
852 ## - Местоположение
Форматна сигнатура Цб 185673
856 4# - Електронен адрес и достъп
Електронен формат pdf - файл
Път до файла /url/
856 4# - Електронен адрес и достъп
Електронен формат pdf - файл
Път до файла /url/
942 ## - АРТИКУЛИ
Вид на библиотечния материал Книги
Скрит в OPAC Не
944 ## - СЪЗДАВАНЕ И РЕДАКЦИЯ на ЗАПИСА
Създаване/Редакция Създаване
Дата на регистрацията/редакция 07.04.2003
Служител, извършил регистрацията/редакцията Ирена_Линкова
944 ## - СЪЗДАВАНЕ И РЕДАКЦИЯ на ЗАПИСА
Създаване/Редакция Редакция
Дата на регистрацията/редакция 12.11.2011
Служител, извършил регистрацията/редакцията
999 ## - СИСТЕМНИ КОНТРОЛНИ НОМЕРА
Koha biblionumber 9474
Koha biblioitemnumber 9474
Наличности
Код за отписване Код за изгубен артикул Източник на класификационната схема Код за повреда Коз за рестрикции Код за отдаване Артикулен № Име на библиотеката - собственик Име на библиотеката, в която се намира в момента Статус (Текущо местоположение) Дата на вписване в системата Местоположение - отдел Цена в лева Инвентарен номер Систематично азбучна сигнатура Баркод Номер на екземпляра Цена в евро Служебна бележка Служебен тип на артикула
  Не е изгубен Universal Decimal Classification Не е повреден без рестрикции ползва се в читалня 16391 Регионална библиотека "Любен Каравелов" Русе Регионална библиотека "Любен Каравелов" Русе Хранилище 2001-01-01 Хранилище 0.10 620046 Цб 185673 120000620046 1 0.05 Дост: Dp Вид: Д N: стар фонд Дата: 01.01.1996 Книги
Vip Innovations Ltd, Rousse, Bulgaria 2025